Up the Nile a photographic excursion, Egypt 1839-1898

محفوظ في:

المؤلف الرئيسي: Deborah Bull

مؤلفون آخرون: Donald Lorimer

التنسيق: كتاب

اللغة: Undetermined

منشور في: New York Clarkson N. Potter : Distributed by Crown Publishers 1979

الموضوعات:

الوسوم: إضافة وسم

لا توجد وسوم, كن أول من يضع وسما على هذه التسجيلة!

رقم الطلب: (L) DT47 .B8

LEADER 00651nam a2200181Ia 4500
008 221124s9999||||xx |||||||||||||| ||und||
050 4 |a (L) DT47 .B8  
100 1 |a Deborah Bull 
245 1 0 |a  Up the Nile  |b a photographic excursion, Egypt 1839-1898 
264 1 |a New York  |b Clarkson N. Potter : Distributed by Crown Publishers  |c 1979 
300 |a 131.P  |c 23*29cm 
500 |a Incluudes indexes 
504 |a Bibliography p. (135)  
650 4 |a Egypt-- pictorial works 
700 1 |a  Donald Lorimer 
942 |2 lcc  |c BK 
952 |0 0  |1 0  |2 lcc  |4 0  |7 1  |9 44010  |a ARCE  |b ARCE  |d 2022-11-24  |l 0  |o (L) DT47 .B8   |p 1020278  |r 2022-11-24 00:00:00  |w 2022-11-24  |y BK 
999 |c 50467  |d 50467